<?xml version="1.0" encoding="UTF-8"?>
<record
    xmlns:xsi="http://www.w3.org/2001/XMLSchema-instance"
    xsi:schemaLocation="http://www.loc.gov/MARC21/slim http://www.loc.gov/standards/marcxml/schema/MARC21slim.xsd"
    xmlns="http://www.loc.gov/MARC21/slim">

  <leader>01116nam a22002657a 4500</leader>
  <controlfield tag="005">20250227043917.0</controlfield>
  <controlfield tag="008">250227b           ||||| |||| 00| 0 eng d</controlfield>
  <datafield tag="020" ind1=" " ind2=" ">
    <subfield code="a">9786214063420</subfield>
  </datafield>
  <datafield tag="040" ind1=" " ind2=" ">
    <subfield code="a">CvSU-CCAT Campus Library.</subfield>
    <subfield code="c">CvSU-CCAT Campus Library.</subfield>
    <subfield code="e">rda.</subfield>
  </datafield>
  <datafield tag="041" ind1=" " ind2=" ">
    <subfield code="a">English.</subfield>
  </datafield>
  <datafield tag="050" ind1=" " ind2=" ">
    <subfield code="a">F LB 2369</subfield>
    <subfield code="b">O98 2022</subfield>
  </datafield>
  <datafield tag="245" ind1=" " ind2=" ">
    <subfield code="a">Outcomes based practical guide to thesis and capstone project writing in computing /</subfield>
    <subfield code="c">Charlemagne Garcia Lavi&#xF1;a [and five others].</subfield>
  </datafield>
  <datafield tag="260" ind1=" " ind2=" ">
    <subfield code="a">Intramuros, Manila :</subfield>
    <subfield code="b">Mindshapers Co., Inc.,</subfield>
    <subfield code="c">c2022.</subfield>
  </datafield>
  <datafield tag="300" ind1=" " ind2=" ">
    <subfield code="a">viii, 257 pages :</subfield>
    <subfield code="b">illustrations ;</subfield>
    <subfield code="c">cm</subfield>
  </datafield>
  <datafield tag="504" ind1=" " ind2=" ">
    <subfield code="a">Includes bibliographical references and index.</subfield>
  </datafield>
  <datafield tag="541" ind1=" " ind2=" ">
    <subfield code="e">13445 c.1; 13446 c.2</subfield>
  </datafield>
  <datafield tag="546" ind1=" " ind2=" ">
    <subfield code="a">In English text.</subfield>
  </datafield>
  <datafield tag="650" ind1=" " ind2=" ">
    <subfield code="a">Dissertations, Academic.</subfield>
    <subfield code="9">8098</subfield>
  </datafield>
  <datafield tag="700" ind1=" " ind2=" ">
    <subfield code="a">Ma&#xF1;abo, Renelina Delmo , author.</subfield>
    <subfield code="9">14544</subfield>
  </datafield>
  <datafield tag="700" ind1=" " ind2=" ">
    <subfield code="a">Hernandez,Gloria Dela Cruz, author.</subfield>
    <subfield code="9">14545</subfield>
  </datafield>
  <datafield tag="700" ind1=" " ind2=" ">
    <subfield code="a">Hablanida, Fe Larwa, author.</subfield>
    <subfield code="9">14546</subfield>
  </datafield>
  <datafield tag="700" ind1=" " ind2=" ">
    <subfield code="a">Lacorte, Alice Maldonado, author.</subfield>
    <subfield code="9">14547</subfield>
  </datafield>
  <datafield tag="700" ind1=" " ind2=" ">
    <subfield code="a">Ebron, Jonalyn Gaza, author.</subfield>
    <subfield code="9">14548</subfield>
  </datafield>
  <datafield tag="942" ind1=" " ind2=" ">
    <subfield code="2">lcc</subfield>
    <subfield code="c">BK</subfield>
    <subfield code="h">LB 2369 O98 2022</subfield>
    <subfield code="k">F</subfield>
  </datafield>
  <datafield tag="999" ind1=" " ind2=" ">
    <subfield code="c">3860</subfield>
    <subfield code="d">3860</subfield>
  </datafield>
  <datafield tag="952" ind1=" " ind2=" ">
    <subfield code="0">0</subfield>
    <subfield code="1">0</subfield>
    <subfield code="2">lcc</subfield>
    <subfield code="4">0</subfield>
    <subfield code="7">0</subfield>
    <subfield code="8">NF</subfield>
    <subfield code="a">CCATLIB</subfield>
    <subfield code="b">CCATLIB</subfield>
    <subfield code="c">F</subfield>
    <subfield code="d">2025-02-25</subfield>
    <subfield code="e">Purchased from ESM Bookstore</subfield>
    <subfield code="f">F</subfield>
    <subfield code="g">556.00</subfield>
    <subfield code="o">F LB 2369 O98 2022</subfield>
    <subfield code="p">R0013445</subfield>
    <subfield code="r">2025-10-15 00:00:00</subfield>
    <subfield code="t">c.1</subfield>
    <subfield code="w">2025-02-27</subfield>
    <subfield code="y">BK</subfield>
  </datafield>
  <datafield tag="952" ind1=" " ind2=" ">
    <subfield code="0">0</subfield>
    <subfield code="1">0</subfield>
    <subfield code="2">lcc</subfield>
    <subfield code="4">0</subfield>
    <subfield code="7">0</subfield>
    <subfield code="8">NF</subfield>
    <subfield code="a">CCATLIB</subfield>
    <subfield code="b">CCATLIB</subfield>
    <subfield code="c">F</subfield>
    <subfield code="d">2025-02-25</subfield>
    <subfield code="e">Purchased from ESM Bookstore</subfield>
    <subfield code="f">F</subfield>
    <subfield code="g">556.00</subfield>
    <subfield code="l">0</subfield>
    <subfield code="o">F LB 2369 O98 2022</subfield>
    <subfield code="p">R0013446</subfield>
    <subfield code="r">2025-10-15 00:00:00</subfield>
    <subfield code="t">c.2</subfield>
    <subfield code="w">2025-02-27</subfield>
    <subfield code="y">BK</subfield>
  </datafield>
</record>
